Toutes les villes Française de plus de 10 000 habitants - Statistiques

Statistiques générales
  • Ce quiz a été pris 187 fois
  • Le résultat moyen est 227 sur 1018
Statistiques - réponses
Ville Population Département % Correct
Paris 2133111 75
88%
Marseille 873076 13
86%
Toul 15849 54
83%
Toulouse 504078 31
78%
Lyon 522250 69
77%
Nice 348085 06
76%
Bordeaux 261804 33
74%
Lille 236710 59
74%
Strasbourg 291313 67
73%
Nantes 323204 44
72%
Rennes 225081 35
72%
Saint-Denis 113942 93
71%
Saint-Denis 154765 974
71%
Aix-en-Provence 147478 13
70%
Bourg-en-Bresse 41525 01
70%
Cannes 73255 06
69%
Brest 139619 29
68%
Grenoble 157477 38
68%
Montpellier 302454 34
68%
Tours 137658 37
68%
Caen 108200 14
67%
Angers 157175 49
66%
Metz 120874 57
66%
Nancy 104260 54
66%
Rouen 114083 76
66%
La Roche-sur-Yon 54952 85
65%
Perpignan 119656 66
65%
Dijon 159346 21
64%
La Rochelle 78535 17
64%
Ajaccio 73822 2A
63%
Dunkerque 86788 59
63%
Nîmes 148104 30
63%
Saint-Étienne 172718 42
63%
Valence 64483 26
63%
Annecy 131715 74
61%
Calais 67380 62
61%
Carcassonne 46218 11
61%
Clermont 10475 60
61%
Clermont-Ferrand 147327 63
61%
Orléans 116617 45
61%
Toulon 180452 83
61%
Reims 179380 51
60%
Besançon 119198 25
59%
Quimper 63642 29
59%
Bayonne 52749 64
58%
Limoges 129760 87
58%
Versailles 83587 78
58%
Villeurbanne 156928 69
58%
Bastia 48768 2B
57%
Biarritz 25764 64
57%
Le Havre 166058 76
57%
Pau 77066 64
57%
Roubaix 98892 59
57%
Mulhouse 106341 68
56%
Rodez 24207 12
56%
Valenciennes 42991 59
56%
Vannes 54420 56
56%
Amiens 133625 80
55%
Avignon 90330 84
55%
Béziers 80341 34
55%
Gap 40500 05
55%
Lens 32618 62
55%
Menton 30412 06
55%
Narbonne 56395 11
55%
Saint-Malo 47323 35
55%
Troyes 62782 10
55%
Charleville-Mézières 46398 08
54%
Le Mans 145004 72
54%
Antibes 75130 06
53%
Colmar 67730 68
53%
Le Port 33336 974
53%
Angoulême 41086 16
52%
Arles 50415 13
52%
Montélimar 40399 26
52%
Saint-Nazaire 72057 44
52%
Saint-Quentin 52958 02
52%
Tourcoing 99011 59
52%
Créteil 92989 94
51%
Poitiers 90240 86
51%
Cherbourg 77808 50
50%
Lorient 57846 56
50%
Périgueux 29516 24
50%
Vichy 25789 03
50%
Agen 32485 47
49%
Bourges 63702 18
49%
Châlons-en-Champagne 43877 51
49%
Chambéry 59856 73
49%
Châteauroux 42968 36
49%
Fontaine 22891 38
49%
Istres 44577 13
49%
Laval 49657 53
49%
Mont-de-Marsan 30674 40
49%
Saint-Lô 19373 50
49%
Arras 42600 62
48%
Blois 46813 41
48%
Digne-les-Bains 17192 04
48%
Évry 66177 91
48%
Mende 12316 48
48%
Oyonnax 22277 01
48%
Tulle 13992 19
48%
Auxerre 34778 89
47%
Belfort 45155 90
47%
Boulogne-sur-Mer 40910 62
47%
Brive-la-Gaillarde 46599 19
47%
Dax 21347 40
47%
Mâcon 34448 71
47%
Martigues 48568 13
47%
Melun 42367 77
47%
Mérignac 75729 33
47%
Montauban 61919 82
46%
Saint-Brieuc 44224 22
46%
Saint-Jean 11243 31
46%
Sète 44712 34
46%
Aurillac 25815 15
45%
Cahors 20141 46
45%
Hyères 55103 83
45%
Meaux 55616 77
45%
Montreuil 111455 93
45%
Moulins 19343 03
45%
Niort 59309 79
45%
Orange 28949 84
45%
Roanne 34762 42
45%
Saint-Paul 105240 974
45%
Saint-Pierre 84077 974
45%
Albi 49714 81
44%
Arcachon 11259 33
44%
Beauvais 56677 60
44%
Boulogne-Billancourt 119808 92
44%
Chartres 38447 28
44%
Fréjus 57082 83
44%
Montluçon 33342 03
44%
Nevers 32830 58
44%
Bar-le-Duc 14668 55
43%
Évreux 47289 27
43%
Laon 24021 02
43%
Nanterre 97351 92
43%
Sedan 16608 08
43%
Tarbes 43955 65
43%
Argenteuil 107221 95
42%
Beaune 20032 21
42%
Blagnac 26466 31
42%
Castres 42672 81
42%
Cholet 53936 49
42%
Le Puy-en-Velay 18629 43
42%
Marignane 33003 13
42%
Millau 21712 12
42%
Thionville 42163 57
42%
Alès 43892 30
41%
Aubagne 47342 13
41%
Aubervilliers 90071 93
41%
Auch 23041 32
41%
Cergy 68348 95
41%
Douai 39648 59
41%
Échirolles 36849 38
41%
Grasse 48323 06
41%
Lons 13915 64
41%
Lons-le-Saunier 17043 39
41%
Mantes-la-Jolie 44539 78
41%
Saintes 25518 17
41%
Saint-Raphaël 35950 83
41%
Bergerac 26323 24
40%
Bobigny 55056 93
40%
Fort-de-France 74921 972
40%
Libourne 24557 33
40%
Neuilly-sur-Seine 59267 92
40%
Pessac 66760 33
40%
Thonon-les-Bains 37027 74
40%
Vénissieux 66363 69
40%
Verdun 16689 55
40%
Vesoul 15130 70
40%
Vienne 31051 38
40%
Alençon 25555 61
39%
Cayenne 63468 973
39%
Dieppe 28358 76
39%
Fontainebleau 15945 77
39%
Salon-de-Provence 44731 13
39%
Soissons 28705 02
39%
Albertville 19812 73
38%
Chaumont 21699 52
38%
Creil 36106 60
38%
Dole 23775 39
38%
Dreux 30879 28
38%
Épinal 32285 88
38%
La Ciotat 36987 13
38%
Les Sables-d'Olonne 48402 85
38%
Montbéliard 25573 25
38%
Saumur 26215 49
38%
Vierzon 25348 18
38%
Villeneuve-d'Ascq 62067 59
38%
Annemasse 37918 74
36%
Compiègne 40394 60
36%
Dinan 14675 22
36%
Draguignan 39745 83
36%
Guéret 12840 23
36%
Ivry-sur-Seine 64001 94
36%
La Seyne-sur-Mer 62763 83
36%
Morlaix 14903 29
36%
Pontarlier 17849 25
36%
Pontoise 31327 95
36%
Talence 45225 33
36%
Villefranche-sur-Saône 35913 69
36%
Vitrolles 35532 13
36%
Agde 29103 34
35%
Aix-les-Bains 31874 73
35%
Anglet 41153 64
35%
Bègles 30813 33
35%
Concarneau 20607 29
35%
Drancy 71363 93
35%
Issy-les-Moulineaux 68580 92
35%
Manosque 22926 04
35%
Poissy 40016 78
35%
Rambouillet 26816 78
35%
Rochefort 23092 17
35%
Vitry-sur-Seine 96205 94
35%
Bayeux 12775 14
34%
Bondy 52905 93
34%
Briançon 10561 05
34%
Cognac 18448 16
34%
Forbach 21130 57
34%
Fougères 20653 35
34%
Levallois-Perret 68009 92
34%
Nogent-sur-Marne 33472 94
34%
Sarcelles 58424 95
34%
Sarreguemines 20624 57
34%
Trappes 33717 78
34%
Cagnes-sur-Mer 52580 06
33%
Le Cannet 41597 06
33%
Lunéville 17755 54
33%
Massy 50962 91
33%
Montargis 15061 45
33%
Porto-Vecchio 11229 2A
33%
Riom 18736 63
33%
Saint-Dizier 23068 52
33%
Sens 27034 89
33%
Béthune 24992 62
32%
Cambrai 31425 59
32%
Château-Thierry 15204 02
32%
Colomiers 40159 31
32%
Joué-lès-Tours 38183 37
32%
Lourdes 13509 65
32%
Orly 24482 94
32%
Saint-Max 10073 54
32%
Sartrouville 51220 78
32%
Sevran 51845 93
32%
Vincennes 48798 94
32%
Abbeville 22595 80
31%
Aulnay-sous-Bois 86135 93
31%
Bron 43049 69
31%
Carpentras 30769 84
31%
Chalon-sur-Saône 45031 71
31%
Chelles 54309 77
31%
Clichy 64849 92
31%
Épernay 22001 51
31%
Kourou 24612 973
31%
Montrouge 47657 92
31%
Muret 25060 31
31%
Saint-André 57150 974
31%
Saint-Chamond 35068 42
31%
Sainte-Marie 14650 972
31%
Sainte-Marie 34344 974
31%
Saint-Ouen 53207 93
31%
Sélestat 19300 67
31%
Vaulx-en-Velin 52139 69
31%
Antony 63232 92
30%
Bourgoin-Jallieu 29577 38
30%
Caluire-et-Cuire 43572 69
30%
Dinard 10219 35
30%
Frontignan 23808 34
30%
Grigny 27257 91
30%
Lattes 17544 34
30%
Mayenne 12900 53
30%
Pantin 60800 93
30%
Rezé 42998 44
30%
Romans-sur-Isère 32911 26
30%
Rueil-Malmaison 78186 92
30%
Saint-Priest 48822 69
30%
Carquefou 20510 44
29%
Gex 13078 01
29%
Haguenau 35715 67
29%
Lannion 20344 22
29%
Lunel 26185 34
29%
Palaiseau 34893 91
29%
Quimperlé 12313 29
29%
Royan 19029 17
29%
Thiers 11633 63
29%
Vernon 24543 27
29%
Voiron 20891 38
29%
Asnières-sur-Seine 89662 92
28%
Avranches 10240 50
28%
Châtellerault 31284 86
28%
Lisieux 19807 14
28%
Longwy 15191 54
28%
Maubeuge 29066 59
28%
Montbrison 16064 42
28%
Pamiers 16394 09
28%
Saint-Herblain 49537 44
28%
Saint-Louis 22698 68
28%
Saint-Louis 53935 974
28%
Schiltigheim 34129 67
28%
Torcy 22444 77
28%
Wattrelos 40836 59
28%
Alfortville 45046 94
27%
Aubenas 12360 07
27%
Châteaudun 12909 28
27%
Clamart 54491 92
27%
Colombes 88870 92
27%
Étampes 26529 91
27%
Gennevilliers 49410 92
27%
Givors 20654 69
27%
Hénin-Beaumont 26035 62
27%
Issoire 15014 63
27%
Le Creusot 20731 71
27%
Le Kremlin-Bicêtre 24380 94
27%
Pornic 17910 44
27%
Puteaux 43672 92
27%
Saint-Laurent-du-Maroni 50250 973
27%
Saint-Laurent-du-Var 30941 06
27%
Villeneuve-sur-Lot 21629 47
27%
Annonay 16873 07
26%
Cavaillon 25923 84
26%
Gradignan 25835 33
26%
Hendaye 17796 64
26%
Issoudun 10992 36
26%
La Courneuve 47160 93
26%
Le Grand-Quevilly 25975 76
26%
Les Abymes 52118 971
26%
Liévin 30149 62
26%
Meudon 46342 92
26%
Miramas 26405 13
26%
Noisy-le-Grand 70374 93
26%
Olivet 22855 45
26%
Saint-Cloud 29727 92
26%
Saint-Germain-en-Laye 44380 78
26%
Saint-Gilles 14264 30
26%
Saint-Martin-d'Hères 38454 38
26%
Villejuif 57753 94
26%
Amnéville 10828 57
25%
Armentières 25581 59
25%
Castelnaudary 12448 11
25%
Lanester 23026 56
25%
Le Petit-Quevilly 21782 76
25%
Malakoff 30292 92
25%
Neuilly-sur-Marne 37531 93
25%
Noisy-le-Sec 46094 93
25%
Pont-à-Mousson 14338 54
25%
Pontivy 14774 56
25%
Provins 11958 77
25%
Saint-Dié-des-Vosges 19319 88
25%
Sarrebourg 12359 57
25%
Tournefeuille 29439 31
25%
Vandoeuvre-lès-Nancy 29537 54
25%
Villefranche-de-Rouergue 11720 12
25%
Castelnau-le-Lez 24888 34
24%
Champigny-sur-Marne 77724 94
24%
Chatou 29649 78
24%
Corbeil-Essonnes 52683 91
24%
Croix 20778 59
24%
Épinay-sur-Seine 53489 93
24%
Fos-sur-Mer 15469 13
24%
Gagny 40189 93
24%
Les Ulis 25253 91
24%
Le Tampon 81943 974
24%
Maisons-Alfort 58068 94
24%
Mandelieu-la-Napoule 21561 06
24%
Meyzieu 35882 69
24%
Mougins 19677 06
24%
Oullins 27113 69
24%
Saint-Jean-de-Luz 14601 64
24%
Saint-Julien-en-Genevois 15840 74
24%
Saint-Maur-des-Fossés 75441 94
24%
Arcueil 21557 94
23%
Autun 13145 71
23%
Chantilly 10652 60
23%
Châtillon 36777 92
23%
Choisy-le-Roi 46129 94
23%
Conflans-Sainte-Honorine 35926 78
23%
Douarnenez 14163 29
23%
Firminy 17137 42
23%
La Flèche 14937 72
23%
Le Beausset 10007 83
23%
Le Luc 11053 83
23%
Marcq-en-Baroeul 39356 59
23%
Parthenay 10058 79
23%
Pointe-à-Pitre 14486 971
23%
Rosny-sous-Bois 45655 93
23%
Sainte-Anne 24281 971
23%
Senlis 15255 60
23%
Tremblay-en-France 37271 93
23%
Vallauris 28025 06
23%
Vitré 18998 35
23%
Wasquehal 20836 59
23%
Argentan 13291 61
22%
Bagneux 43699 92
22%
Bois-Colombes 29765 92
22%
Cenon 26778 33
22%
Château-Gontier 16710 53
22%
Courbevoie 81516 92
22%
Gardanne 21174 13
22%
Grande-Synthe 20331 59
22%
Gujan-Mestras 22399 33
22%
La Garde 25912 83
22%
Landerneau 16206 29
22%
La Teste-de-Buch 26556 33
22%
Le Blanc-Mesnil 58257 93
22%
Loos 23013 59
22%
Mantes-la-Ville 21376 78
22%
Marly 12024 59
22%
Montceau-les-Mines 16831 71
22%
Orvault 27872 44
22%
Plaisir 31375 78
22%
Pontault-Combault 38258 77
22%
Sainte-Maxime 14433 83
22%
Savigny-sur-Orge 37371 91
22%
Sotteville-lès-Rouen 28965 76
22%
Suresnes 49104 92
22%
Vendôme 15747 41
22%
Vire 17135 14
22%
Yerres 28699 91
22%
Argelès-sur-Mer 10792 66
21%
Berck 13298 62
21%
Biscarrosse 14551 40
21%
Bressuire 19906 79
21%
Cesson 11140 77
21%
Fleury-les-Aubrais 21438 45
21%
Guyancourt 29406 78
21%
Houilles 33449 78
21%
Illkirch-Graffenstaden 27118 67
21%
Les Lilas 23469 93
21%
Montigny-lès-Metz 21854 57
21%
Oloron-Sainte-Marie 10616 64
21%
Passy 11068 74
21%
Saint-Cyr-l'École 20971 78
21%
Saint-Omer 14661 62
21%
Saint-Sébastien-sur-Loire 28283 44
21%
Saverne 11390 67
21%
Tassin-la-Demi-Lune 22676 69
21%
Vanves 28014 92
21%
Vitry-le-François 11454 51
21%
Woippy 14302 57
21%
Challans 22494 85
20%
Cluses 17164 74
20%
Décines-Charpieu 29731 69
20%
Fécamp 18016 76
20%
Granville 12581 50
20%
Lambersart 27121 59
20%
Limoux 10302 11
20%
Romorantin-Lanthenay 18115 41
20%
Saint-Gaudens 11613 31
20%
Six-Fours-les-Plages 36203 83
20%
Tarascon 15423 13
20%
Thiais 31097 94
20%
Villenave-d'Ornon 40500 33
20%
Ambérieu-en-Bugey 14854 01
19%
Amboise 12938 37
19%
Apt 10536 84
19%
Brétigny-sur-Orge 27106 91
19%
Brignoles 17664 83
19%
Bruges 20215 33
19%
Châteaubriant 12189 44
19%
Couëron 23057 44
19%
Denain 20640 59
19%
Élancourt 26082 78
19%
Eysines 24374 33
19%
Garches 17898 92
19%
Hazebrouck 21498 59
19%
Hérouville-Saint-Clair 22227 14
19%
La Chapelle-sur-Erdre 20331 44
19%
Livry-Gargan 46028 93
19%
Marmande 17239 47
19%
Rillieux-la-Pape 31247 69
19%
Romainville 33266 93
19%
Sablé-sur-Sarthe 12096 72
19%
Saint-Étienne-du-Rouvray 28508 76
19%
Saint-Fons 19360 69
19%
Saint-Leu 34893 974
19%
Stains 40359 93
19%
Vertou 26002 44
19%
Villeneuve-la-Garenne 25371 92
19%
Villepinte 38725 93
19%
Allauch 21490 13
18%
Bagnolet 39366 93
18%
Balma 17385 31
18%
Beaupréau 23639 49
18%
Beausoleil 12674 06
18%
Bruz 19651 35
18%
Bussy-Saint-Georges 26571 77
18%
Chenôve 14445 21
18%
Coulommiers 15250 77
18%
Flers 14482 61
18%
Fontenay-sous-Bois 51812 94
18%
Goussainville 30693 95
18%
Guérande 16151 44
18%
Juvisy-sur-Orge 18424 91
18%
L' Haÿ-les-Roses 31392 94
18%
Lormont 23291 33
18%
Montereau-Fault-Yonne 22259 77
18%
Neuilly-Plaisance 21415 93
18%
Romilly-sur-Seine 14766 10
18%
Saint-Claude 10700 971
18%
Sainte-Foy-lès-Lyon 21858 69
18%
Saint-Mandé 21195 94
18%
Saint-Médard-en-Jalles 32538 33
18%
Saint-Pierre-des-Corps 15909 37
18%
Trélazé 15358 49
18%
Vélizy-Villacoublay 22713 78
18%
Villeneuve-Saint-Georges 35492 94
18%
Villeparisis 26822 77
18%
Andrézieux-Bouthéon 10187 42
17%
Arpajon 11281 91
17%
Athis-Mons 36222 91
17%
Bagnols-sur-Cèze 18248 30
17%
Bouguenais 20410 44
17%
Bourg-lès-Valence 19581 26
17%
Champs-sur-Marne 25695 77
17%
Dourdan 11279 91
17%
Florange 11869 57
17%
Hayange 15968 57
17%
La Baule-Escoublac 16468 44
17%
La Garenne-Colombes 29932 92
17%
Lagny-sur-Marne 21191 77
17%
Lamballe 16845 22
17%
La Trinité 10276 06
17%
La Trinité 11747 972
17%
La Valette-du-Var 23955 83
17%
Le Bourget 14832 93
17%
Le Raincy 14877 93
17%
Les Mureaux 33977 78
17%
Mons-en-Baroeul 21467 59
17%
Nogent-sur-Oise 21382 60
17%
Ris-Orangis 29825 91
17%
Rive-de-Gier 15214 42
17%
Roissy-en-Brie 23061 77
17%
Saint-Maurice 14603 94
17%
Sanary-sur-Mer 17268 83
17%
Segré 17699 49
17%
Tournon-sur-Rhône 11191 07
17%
Vence 19415 06
17%
Achères 21368 78
16%
Ancenis 11099 44
16%
Cachan 30592 94
16%
Castelsarrasin 14178 82
16%
Charenton-le-Pont 29445 94
16%
Clichy-sous-Bois 29735 93
16%
Draveil 29173 91
16%
Écully 18361 69
16%
Ferney-Voltaire 10920 01
16%
Fresnes 28780 94
16%
Gien 13387 45
16%
Gif-sur-Yvette 22352 91
16%
Héricourt 10478 70
16%
Joinville-le-Pont 20413 94
16%
La Madeleine 22488 59
16%
Laxou 14671 54
16%
Les Pennes-Mirabeau 22161 13
16%
Lingolsheim 20266 67
16%
Longjumeau 20620 91
16%
Mitry-Mory 20627 77
16%
Montaigu 20605 85
16%
Nemours 13189 77
16%
Ploemeur 18591 56
16%
Pornichet 12121 44
16%
Saint-Benoît 37023 974
16%
Saint-Genis-Laval 20929 69
16%
Savigny-le-Temple 30510 77
16%
Sceaux 20488 92
16%
Villers-Cotterêts 10454 02
16%
Audincourt 13944 25
15%
Avion 17672 62
15%
Avrillé 14938 49
15%
Bonneville 12895 74
15%
Bourg-la-Reine 20810 92
15%
Cournon-d'Auvergne 20193 63
15%
Fontenay-aux-Roses 24772 92
15%
Halluin 20829 59
15%
Le Lamentin 39641 972
15%
Le Plessis-Robinson 29228 92
15%
Les Herbiers 16453 85
15%
Le Vésinet 15646 78
15%
Louviers 18350 27
15%
Miribel 10225 01
15%
Obernai 12216 67
15%
Orsay 16007 91
15%
Orthez 10684 64
15%
Pertuis 20012 84
15%
Rumilly 15998 74
15%
Saint-Avold 15045 57
15%
Sainte-Geneviève-des-Bois 35846 91
15%
Saint-François 13004 971
15%
Saint-Jean-de-la-Ruelle 16594 45
15%
Sallanches 17133 74
15%
Sucy-en-Brie 27622 94
15%
Vauvert 11774 30
15%
Villeneuve-Loubet 16779 06
15%
Villiers-le-Bel 28836 95
15%
Villiers-sur-Marne 30669 94
15%
Viry-Châtillon 31045 91
15%
Yutz 17401 57
15%
Auray 14222 56
14%
Avon 13660 77
14%
Bailleul 14869 59
14%
Beaucaire 15680 30
14%
Belleville 13542 69
14%
Berre-l'Étang 13912 13
14%
Bezons 32017 95
14%
Bry-sur-Marne 17400 94
14%
Châteaurenard 16669 13
14%
Coudekerque-Branche 20765 59
14%
Dammarie-les-Lys 22845 77
14%
Fleury-Mérogis 13983 91
14%
Franconville 37520 95
14%
Gisors 11919 27
14%
Gonesse 25963 95
14%
Gravelines 11223 59
14%
Hennebont 15746 56
14%
La Possession 35245 974
14%
Le Bouscat 24339 33
14%
Le Perreux-sur-Marne 34213 94
14%
Mauguio 16596 34
14%
Montgeron 23800 91
14%
Mont-Saint-Aignan 20066 76
14%
Noisiel 15461 77
14%
Ozoir-la-Ferrière 20692 77
14%
Pacé 11918 35
14%
Saint-Joseph 16135 972
14%
Saint-Joseph 38807 974
14%
Saint-Just-Saint-Rambert 15419 42
14%
Sèvres 22618 92
14%
Talant 11894 21
14%
Tarare 10428 69
14%
Thouars 14000 79
14%
Villefontaine 19083 38
14%
Villemomble 30332 93
14%
Wattignies 15531 59
14%
Beaumont 10650 63
13%
Bruay-la-Buissière 21827 62
13%
Canet-en-Roussillon 12598 66
13%
Carvin 17852 62
13%
Cesson-Sévigné 17716 35
13%
Châtenay-Malabry 34898 92
13%
Chaville 19991 92
13%
Elbeuf 15951 76
13%
Ermont 28987 95
13%
Fontenay-le-Comte 13471 85
13%
Fouesnant 10098 29
13%
Gaillard 10175 74
13%
Garges-lès-Gonesse 42841 95
13%
Gentilly 19048 94
13%
Guebwiller 11137 68
13%
Guipavas 15460 29
13%
Hem 18713 59
13%
Le Chesnay 30924 78
13%
Le Mée-sur-Seine 20207 77
13%
Maisons-Laffitte 23080 78
13%
Montfermeil 27980 93
13%
Montigny-le-Bretonneux 31777 78
13%
Noyon 12987 60
13%
Pierrelatte 13799 26
13%
Plaisance-du-Touch 19944 31
13%
Saint-Amand-les-Eaux 15980 59
13%
Saint-Brevin-les-Pins 14411 44
13%
Saint-Gratien 20866 95
13%
Saint-Jacques-de-la-Lande 13656 35
13%
Saint-Jean-de-Braye 21700 45
13%
Seclin 12834 59
13%
Val-de-Reuil 12647 27
13%
Villetaneuse 12663 93
13%
Viroflay 16960 78
13%
Yzeure 12598 03
13%
Amilly 13267 45
11%
Bois-Guillaume 14262 76
11%
Brunoy 25423 91
11%
Carrières-sur-Seine 15038 78
11%
Chantepie 10232 35
11%
Cusset 12909 03
11%
Enghien-les-Bains 11440 95
11%
Floirac 17749 33
11%
Fourmies 11456 59
11%
Freyming-Merlebach 13027 57
11%
Ifs 11981 14
11%
La Celle-Saint-Cloud 20476 78
11%
Le Gosier 27184 971
11%
Le Moule 22645 971
11%
Le Robert 21305 972
11%
Limeil-Brévannes 27999 94
11%
L' Isle-d'Abeau 17206 38
11%
L' Isle-sur-la-Sorgue 19965 84
11%
Lucé 15602 28
11%
L' Union 12358 31
11%
Maizières-lès-Metz 11792 57
11%
Mazamet 10064 81
11%
Méru 14320 60
11%
Meylan 18573 38
11%
Plan-de-Cuques 11396 13
11%
Plougastel-Daoulas 13445 29
11%
Pont-Saint-Esprit 10600 30
11%
Ronchin 19437 59
11%
Saint-Avé 11927 56
11%
Saint-Cyprien 11398 66
11%
Saint-Cyr-sur-Loire 17004 37
11%
Saint-Cyr-sur-Mer 12103 83
11%
Saint-Michel-sur-Orge 21437 91
11%
Schoelcher 19341 972
11%
Vigneux-sur-Seine 31050 91
11%
Villers-lès-Nancy 14761 54
11%
Yvetot 11385 76
11%
Baie-Mahault 30909 971
10%
Bellegarde-sur-Valserine 16295 01
10%
Blain 10187 44
10%
Boissy-Saint-Léger 17570 94
10%
Bollène 13605 84
10%
Bonneuil-sur-Marne 18750 94
10%
Brumath 10238 67
10%
Carros 13277 06
10%
Cernay 11745 68
10%
Châlette-sur-Loing 12728 45
10%
Chambray-lès-Tours 11589 37
10%
Combs-la-Ville 22240 77
10%
Craponne 11903 69
10%
Crépy-en-Valois 14217 60
10%
Creutzwald 12514 57
10%
Cugnaux 20341 31
10%
Faches-Thumesnil 18110 59
10%
Fameck 14798 57
10%
Gaillac 15663 81
10%
Guilherand-Granges 11203 07
10%
Herblay 31605 95
10%
Juvignac 12783 34
10%
Lavaur 10830 81
10%
Le Pecq 15832 78
10%
Le Pontet 17551 84
10%
Les Clayes-sous-Bois 17237 78
10%
Les Pavillons-sous-Bois 24165 93
10%
Les Ponts-de-Cé 12725 49
10%
Lieusaint 13808 77
10%
Maurepas 18611 78
10%
Mèze 12664 34
10%
Pélissanne 10554 13
10%
Plérin 14704 22
10%
Roquebrune-sur-Argens 14448 83
10%
Sainte-Luce-sur-Loire 15527 44
10%
Saint-Paul-lès-Dax 14317 40
10%
Sannois 26768 95
10%
Saran 16679 45
10%
Taverny 27025 95
10%
Vernouillet 12455 28
10%
Vernouillet 10025 78
10%
Ville-d'Avray 10694 92
10%
Andrésy 13230 78
9%
Aubière 10211 63
9%
Barentin 12154 76
9%
Biganos 11095 33
9%
Blanquefort 16004 33
9%
Carentan 10220 50
9%
Castanet-Tolosan 14903 31
9%
Cestas 16789 33
9%
Châteaugiron 10518 35
9%
Chauny 11496 02
9%
Chennevières-sur-Marne 18367 94
9%
Claye-Souilly 12282 77
9%
Épinay-sous-Sénart 11869 91
9%
Francheville 15204 69
9%
Illzach 14829 68
9%
La Chapelle-Saint-Luc 12299 10
9%
La Crau 19179 83
9%
Le Plessis-Trévise 20218 94
9%
Limay 17626 78
9%
Lognes 14650 77
9%
Marck 10494 62
9%
Matoury 34810 973
9%
Mennecy 15711 91
9%
Moissac 13748 82
9%
Montmorency 21870 95
9%
Onet-le-Château 11873 12
9%
Outreau 13270 62
9%
Pierre-Bénite 10515 69
9%
Port-de-Bouc 16136 13
9%
Ramonville-Saint-Agne 14949 31
9%
Roncq 13784 59
9%
Roquebrune-Cap-Martin 12371 06
9%
Sainte-Suzanne 24293 974
9%
Saint-Maximin-la-Sainte-Baume 17631 83
9%
Sorgues 19117 84
9%
Valentigney 10765 25
9%
Villeneuve-le-Roi 21129 94
9%
Wittenheim 15262 68
9%
Andernos-les-Bains 12472 33
8%
Anzin 13422 59
8%
Betton 12695 35
8%
Bois-d'Arcy 15435 78
8%
Bondoufle 10862 91
8%
Bouc-Bel-Air 15248 13
8%
Brie-Comte-Robert 19213 77
8%
Brignais 12388 69
8%
Carrières-sous-Poissy 18316 78
8%
Chamalières 17454 63
8%
Chassieu 11092 69
8%
Chilly-Mazarin 19938 91
8%
Corbas 10932 69
8%
Cormeilles-en-Parisis 26741 95
8%
Divonne-les-Bains 10137 01
8%
Dugny 11328 93
8%
Éragny 18468 95
8%
Étaples 10930 62
8%
Gerzat 10258 63
8%
La Roche-sur-Foron 11263 74
8%
Le Pont-de-Claix 10805 38
8%
Mondeville 10075 14
8%
Morsang-sur-Orge 20785 91
8%
Ploufragan 11369 22
8%
Plouzané 13473 29
8%
Portes-lès-Valence 10422 26
8%
Rixheim 13795 68
8%
Saint-Avertin 15000 37
8%
Sainte-Savine 10515 10
8%
Stiring-Wendel 11067 57
8%
Tarnos 12920 40
8%
Tergnier 13431 02
8%
Tinqueux 10552 51
8%
Urrugne 10543 64
8%
Vaires-sur-Marne 13518 77
8%
Valenton 14482 94
8%
Villeneuve-lès-Avignon 12617 30
8%
Villeneuve-lès-Maguelone 10405 34
8%
Villerupt 10069 54
8%
Auchel 10062 62
7%
Baugé-en-Anjou 11757 49
7%
Bischheim 17939 67
7%
Bolbec 11635 76
7%
Bully-les-Mines 12221 62
7%
Châteauneuf-les-Martigues 17909 13
7%
Deuil-la-Barre 22510 95
7%
Domont 16078 95
7%
Eaubonne 25373 95
7%
Fondettes 10741 37
7%
Guidel 11947 56
7%
Lamentin 18527 971
7%
La Motte-Servolex 12299 73
7%
La Riche 10325 37
7%
Le Chambon-Feugerolles 12066 42
7%
Le Haillan 11572 33
7%
Le Pré-Saint-Gervais 16865 93
7%
Le Relecq-Kerhuon 11791 29
7%
Lézignan-Corbières 10952 11
7%
Louvres 12083 95
7%
Montrevault 15755 49
7%
Noeux-les-Mines 11520 62
7%
Ostwald 13310 67
7%
Pierrefitte-sur-Seine 32379 93
7%
Pontchâteau 11075 44
7%
Pont-du-Château 12459 63
7%
Remire-Montjoly 27274 973
7%
Riedisheim 12163 68
7%
Sainte-Rose 17630 971
7%
Saint-Orens-de-Gameville 13766 31
7%
Saint-Ouen-l'Aumône 25023 95
7%
Sassenage 11660 38
7%
Septèmes-les-Vallons 11734 13
7%
Seyssinet-Pariset 11753 38
7%
Somain 11790 59
7%
Thorigny-sur-Marne 10405 77
7%
Valbonne 12754 06
7%
Vieux-Condé 10446 59
7%
Ambarès-et-Lagrave 16798 33
6%
Annoeullin 10780 59
6%
Arnouville 14585 95
6%
Auterive 10126 31
6%
Bischwiller 12435 67
6%
Cabestany 10338 66
6%
Castelginest 10876 31
6%
Chanteloup-les-Vignes 10735 78
6%
Chevigny-Saint-Sauveur 10944 21
6%
Chevilly-Larue 20326 94
6%
Croissy-sur-Seine 10399 78
6%
Erstein 10887 67
6%
Genas 13483 69
6%
Graulhet 13166 81
6%
Harnes 12317 62
6%
Haubourdin 14757 59
6%
Hoenheim 11469 67
6%
Jeumont 10342 59
6%
La Queue-en-Brie 12081 94
6%
Le François 15996 972
6%
Le Taillan-Médoc 10727 33
6%
L' Isle-Adam 11846 95
6%
Mainvilliers 11057 28
6%
Marly-le-Roi 16531 78
6%
Mions 13707 69
6%
Montesson 14511 78
6%
Montigny-lès-Cormeilles 22603 95
6%
Montlouis-sur-Loire 11048 37
6%
Mouans-Sartoux 10531 06
6%
Oissel 12367 76
6%
Ollioules 14011 83
6%
Osny 17277 95
6%
Petit-Bourg 24272 971
6%
Pont-Sainte-Maxence 12291 60
6%
Saint-André-de-Cubzac 12854 33
6%
Saint-André-les-Vergers 12775 10
6%
Saint-André-lez-Lille 12942 59
6%
Saint-Estève 11550 66
6%
Saint-Genis-Pouilly 14558 01
6%
Saint-Hilaire-de-Riez 12682 85
6%
Saint-Jean-de-Védas 12570 34
6%
Saint-Junien 11387 87
6%
Solliès-Pont 12080 83
6%
Thouaré-sur-Loire 10783 44
6%
Verneuil-sur-Seine 15914 78
6%
Villeneuve-Tolosane 10369 31
6%
Voisins-le-Bretonneux 10721 78
6%
Wambrechies 10798 59
6%
Wittelsheim 10334 68
6%
Aubergenville 12317 78
5%
Auriol 12839 13
5%
Bruay-sur-l'Escaut 11309 59
5%
Buxerolles 10105 86
5%
Cabriès 10070 13
5%
Canteleu 13966 76
5%
Charvieu-Chavagneux 10280 38
5%
Courrières 10199 62
5%
Dammartin-en-Goële 11272 77
5%
Ducos 17912 972
5%
Épinay-sur-Orge 10760 91
5%
Hautmont 14182 59
5%
Kingersheim 13178 68
5%
Léognan 10708 33
5%
Le Pradet 10728 83
5%
Marquette-lez-Lille 11213 59
5%
Mios 11469 33
5%
Moissy-Cramayel 18248 77
5%
Montataire 13701 60
5%
Morangis 13211 91
5%
Mouvaux 13173 59
5%
Oignies 10210 62
5%
Parempuyre 10142 33
5%
Persan 13996 95
5%
Pfastatt 10237 68
5%
Pia 10733 66
5%
Riorges 11045 42
5%
Saint-Égrève 16995 38
5%
Saint-Gély-du-Fesc 10537 34
5%
Saint-Martin-de-Crau 13729 13
5%
Saint-Saulve 11117 59
5%
Sin-le-Noble 15603 59
5%
Triel-sur-Seine 12388 78
5%
Vedène 11457 84
5%
Verrières-le-Buisson 14597 91
5%
Villebon-sur-Yvette 10322 91
5%
Villecresnes 11642 94
5%
Allonnes 11013 72
4%
Billère 13866 64
4%
Boulazac 10697 24
4%
Caudry 14070 59
4%
Chemillé-Melay 21386 49
4%
Cogolin 11762 83
4%
Comines 12671 59
4%
Cuers 12550 83
4%
Douchy-les-Mines 10207 59
4%
Doué-la-Fontaine 11228 49
4%
Fonsorbes 12546 31
4%
Fuveau 10115 13
4%
Igny 10213 91
4%
La Chapelle-Saint-Mesmin 10218 45
4%
La Londe-les-Maures 11442 83
4%
Les Avirons 11434 974
4%
Longuenesse 10568 62
4%
Lys-lez-Lannoy 13793 59
4%
Mana 11764 973
4%
Montivilliers 15457 76
4%
Montmagny 14775 95
4%
Neuville-en-Ferrain 10160 59
4%
Ormesson-sur-Marne 10540 94
4%
Panazol 11064 87
4%
Pernes-les-Fontaines 10636 84
4%
Raismes 12055 59
4%
Rivière-Salée 11887 972
4%
Rognac 12175 13
4%
Saint-Brice-sous-Forêt 15209 95
4%
Saint-Fargeau-Ponthierry 14516 77
4%
Saint-Martin-Boulogne 10999 62
4%
Trets 10678 13
4%
Vaux-le-Pénil 11174 77
4%
Vidauban 12573 83
4%
Villepreux 11150 78
4%
Aizenay 10146 85
3%
Bras-Panon 13344 974
3%
Capesterre-Belle-Eau 17731 971
3%
Caudebec-lès-Elbeuf 10135 76
3%
Déville-lès-Rouen 10745 76
3%
Fontenay-le-Fleury 13455 78
3%
L' Étang-Salé 13836 974
3%
Maromme 11024 76
3%
Méricourt 11431 62
3%
Monteux 13129 84
3%
Montévrain 13934 77
3%
Morne-à-l'Eau 15898 971
3%
Orvanne 12581 77
3%
Rivière-Pilote 11712 972
3%
Saint-Laurent-de-la-Salanque 10010 66
3%
Saint-Leu-la-Forêt 15979 95
3%
Saint-Loubès 10005 33
3%
Saint-Macaire-en-Mauges 25806 49
3%
Saint-Pierre-du-Perray 11680 91
3%
Soisy-sous-Montmorency 18008 95
3%
Treillières 10230 44
3%
Beaumont-Hague 11223 50
2%
Brissac-Quincé 10895 49
2%
Champtoceaux 16709 49
2%
Gignac-la-Nerthe 10083 13
2%
Jouy-le-Moutier 17175 95
2%
La Pommeraye 18331 49
2%
Macouria 18847 973
2%
Méry-sur-Oise 10046 95
2%
Notre-Dame-de-Gravenchon 10387 76
2%
Petite-Île 12617 974
2%
Saint-Esprit 10270 972
2%
Saint-Germain-lès-Arpajon 11305 91
2%
Saint-Mathurin-sur-Loire 16416 49
2%
Vauréal 16034 95
2%
Aucun quiz correspondant
Distribution des résultats
% des personnes avec chaque résultat
Percentile par nombre de réponses
Votre historique - résultats
Vous n’avez pas pris ce quiz